| 000 | 00563nam a2200217Ia 4500 | ||
|---|---|---|---|
| 005 | 20250505124918.0 | ||
| 008 | 008 250505s9999 xx 000 0 eng d | ||
| 037 | _aReference | ||
| 040 |
_aLCO _beng _cLCO |
||
| 041 |
_aeng _2eng |
||
| 084 |
_aZv,73 Q8 _qLCO |
||
| 100 |
_aJois, M.R. _9683809 |
||
| 245 | 0 |
_aLegal and Constitutional history _c M.R. Jois |
|
| 250 | _a1st | ||
| 260 |
_aHaryana, India _bLexisNexis _c2018 |
||
| 300 | _a723 | ||
| 365 |
_aINR _b850 |
||
| 650 | _aLaw | ||
| 942 |
_cREF _hZv,73 Q8 |
||
| 999 |
_c1310637 _d1310637 |
||